| 000 | 00591nam a2200181 a 4500 | ||
|---|---|---|---|
| 001 | BRCA_596 | ||
| 005 | 20190320203058.0 | ||
| 008 | 230508s1985----sp-a---###---#000-0#spa-# | ||
| 020 | _a8439835272 | ||
| 050 | 4 |
_aNA7515.E4 _b.M66 1985 |
|
| 100 | 1 |
_aMonreal y Tejada, Luis _92052 |
|
| 245 | 1 | 0 |
_aCasa Bertrán en San Gervasio _cLuis Monreal y Tejada. |
| 260 |
_aBarcelona _bJosé Felipe Bertrán _c1985 |
||
| 300 |
_a162 p. _bil. (algunas a color) _c25 cm. |
||
| 600 | 1 | 4 |
_aBertrán y Musitu, José _xColecciones de arte _91755 |
| 650 | 1 | 4 |
_aArte _xColecciones privadas _zEspaña _92053 |
| 942 |
_2lcc _cB |
||
| 999 |
_c524 _d524 |
||